| 000 | 00371nam a2200145Ia 4500 | ||
|---|---|---|---|
| 008 | 150201s2011 xx 000 0 und d | ||
| 082 |
_a617.6 _bP2011G |
||
| 100 | _aGEORGE,BINU | ||
| 245 | _aP.G.DENTAL EXAMINATION REVIEW | ||
| 250 | _a2ND | ||
| 260 |
_bC.B.S PUBLISHERS & DISTRIBUTERS _aDELHI _c2011 |
||
| 300 | _a1-674 | ||
| 650 | _aGENERAL DENTISTRY | ||
| 942 |
_2ddc _cBK |
||
| 999 |
_c4541 _d4541 |
||